| 000 | 00786cam a22002533a 4500 | ||
|---|---|---|---|
| 001 | 38658 | ||
| 003 | PGUSA | ||
| 005 | 20140828083843.0 | ||
| 008 | 120124s2012||||xxu|||||s|||||000 | eng d | ||
| 040 |
_aPGUSA _beng |
||
| 042 | _adc | ||
| 050 | 4 | _aTT | |
| 100 | 1 |
_aCampbell, Mark, _d19th cent. |
|
| 245 | 1 | 0 |
_aSelf-Instructor in the Art of Hair Work, Dressing Hair, Making Curls, Switches, Braids, and Hair Jewelry of Every Description. _h[electronic resource] / _cMark Campbell |
| 260 |
_bProject Gutenberg, _c2012 |
||
| 506 | _aPublic domain in the USA. | ||
| 516 | _aElectronic text | ||
| 653 | _aHairwork | ||
| 653 | _aHairdressing | ||
| 653 | _aJewelry -- Catalogs | ||
| 830 | 0 |
_aProject Gutenberg _v38658 |
|
| 856 | 4 | 0 | _uhttp://www.gutenberg.org/ebooks/38658 |
| 942 | _cEB | ||
| 999 |
_c267912 _d267912 |
||